|
|
|
|
| LEADER |
00682 a2200193 4500 |
| 008 |
191129b xxu||||| |||| 00| 0 eng d |
| 999 |
|
|
|c 26973
|d 26973
|
| 020 |
|
|
|a 9789352827930
|
| 082 |
|
|
|a 894.13
|b ASH
|
| 100 |
|
|
|a അശോകന്
|
| 240 |
|
|
|a Uthamapakam
|
| 245 |
|
|
|a ഉത്തമപാകം /
|c അശോകന്
|
| 250 |
|
|
|a 1st ed.
|
| 260 |
|
|
|b ഡി.സി. ബുക്സ്,
|a കോട്ടയം :
|c 2019.
|
| 300 |
|
|
|a 238p.
|
| 650 |
|
|
|a Novel
|
| 700 |
|
|
|a Ashokan
|
| 942 |
|
|
|2 ddc
|c BK
|
| 952 |
|
|
|0 0
|1 0
|2 ddc
|4 0
|6 894_130000000000000_ASH
|7 0
|9 36961
|a MAIN
|b MAIN
|d 2019-08-21
|e Current Books
|g 240.00
|l 1
|o 894.13 ASH
|p 36768
|r 2019-12-18
|s 2019-12-10
|t 1
|v 0.00
|w 2019-08-21
|y BK
|